|
|
|
|
| LEADER |
00678cam a2200229 7i4500 |
| 001 |
0000008027 |
| 005 |
20150325090000.0 |
| 003 |
iicp-my |
| 005 |
20021204215200.0 |
| 008 |
000000 00 |
| 020 |
|
|
|a 157231527X
|
| 039 |
|
9 |
|y 200212042152
|z VLOAD
|
| 090 |
0 |
0 |
|a 004.6077
|b MIC
|
| 245 |
0 |
0 |
|a Networking essentials
|c Microsoft Corporation..
|
| 250 |
|
|
|a 2nd ed..
|
| 260 |
|
|
|a Redmond, Washington:
|b Microsoft Press,
|c c1997..
|
| 300 |
|
|
|a p.;
|c cm..
|
| 500 |
|
|
|a Includes index.
|
| 650 |
|
0 |
|a Microsoft Corporation.
|
| 650 |
|
0 |
|a Computer networks programmed instruction.
|
| 700 |
|
|
|a Microsoft Corporation.
|
| 999 |
|
|
|a 1000014832
|b Book
|c Green Spot
|